Analýza deľby rozhodovacích právomocí záverečná práca postgraduálneho štúdia

Gespeichert in:
Bibliographische Detailangaben
1. Verfasser: Húževková, Jana
Körperschaft: Vysoká škola ekonomická v Bratislave
Weitere Verfasser: Majtán, Miroslav
Format: Buch
Sprache:Slowakisch
Veröffentlicht: Bratislava 1989
Tags: Tag hinzufügen
Keine Tags, Fügen Sie das erste Tag hinzu!

MARC

LEADER 00000nam a2200000 4500
001 c039067
005 20230116091251.4
041 0 |a slo 
044 |a SK 
245 1 0 |a Analýza deľby rozhodovacích právomocí  |b záverečná práca postgraduálneho štúdia  |c Jana Húževková ; ved. práce Miroslav Majtán 
264 1 |a Bratislava  |c 1989 
300 |a 41 s. 
100 1 |a Húževková, Jana 
700 1 |a Majtán, Miroslav 
710 2 |a Vysoká škola ekonomická v Bratislave